000 00885nam a22001937a 4500
003 BR-ViAPE
005 20260417154908.0
008 260417s1948 por gs||||s000 0 por d
040 _cBR-ViAPE
110 _aEspírito Santo
_bEstado
245 _aDepartamento do Serviço Público: organização, orçamento, pessoal, material, serviço de inspeção de saúde e serviços internos do departamento
260 _aVitória
_b[s.n.]
_c1948
300 _a93 p.
_bDocumento digitalizado (PDF)
500 _aDocumento digitalizado do acervo institucional do Arquivo Público do Estado do Espírito Santo - APEES.
650 _xAdministração pública
_zEspírito Santo
651 _aEspírito Santo
_xRelatórios governamentais
856 _uhttps://ape.es.gov.br/Media/ape/PDF/Relatorios/1941/relatorio3%20-%20ano%201948.pdf
_yCLIQUE AQUI PARA ACESSAR O DOCUMENTO
942 _2ddc
_cMSGREL
_n1
999 _c522
_d522